Actas del Sexto Congreso Geológico Argentino. /

Guardado en:
Autores Corporativos: Congreso Geológico Argentino Bahía Blanca), Asociación Geológica Argentina.
Formato: Libro
Idioma:Spanish
Publicado: Buenos Aires., 1976.
Etiquetas: Agregar Etiqueta
Sin Etiquetas, Sea el primero en etiquetar este registro!
LEADER 00775nam a22001695a 4500
001 EEA.libagro010199
005 20190517123917.0
008 130809s1976####ag############100#0#spa#d
082 0 4 |a 558.2 
111 2 |a Congreso Geológico Argentino  |n (6 :  |d 21-27 de setiembre de 1975 :  |c Bahía Blanca) 
245 1 0 |a Actas del Sexto Congreso Geológico Argentino. /  |c auspiciado por la Asociación Geológica Argentina. 
260 |a Buenos Aires.,  |c 1976. 
300 |a 3 v. :  |b il., mapas, gráf. ;  |c 23 cm. 
710 2 |a Asociación Geológica Argentina. 
859 |a AR-BbBCA  |b BIB. AGRONOMIA  |h 558.2  |i C749 6 1975  |p 1988/0958  |v v.1  |3 Tomo I 
859 |a AR-BbBCA  |b BIB. AGRONOMIA  |h 558.2  |i C749 6 1975  |p 1988/0959  |v v.2  |3 Tomo II 
859 |a AR-BbBCA  |b BIB. AGRONOMIA  |h 558.2  |i C749 6 1975  |p 1988/0960  |v v.3  |3 Tomo III